Načítá se...
Sourcebook physical science
| Další autoři: | |
|---|---|
| Médium: | Printed Book |
| Jazyk: | English |
| Témata: |
| LEADER | 00372nam a2200109Ia 4500 | ||
|---|---|---|---|
| 008 | 101008s9999 xx 000 0 eng d | ||
| 245 | |a Sourcebook physical science | ||
| 650 | |a Physical Science Teaching | ||
| 700 | |a Dawson, B E |e editor. | ||
| 942 | |c BK | ||
| 999 | |c 182804 |d 182804 | ||
| 952 | |0 0 |1 0 |4 0 |7 0 |9 202097 |a EDU |b EDU |c ST1 |d 2010-10-20 |i 4380 |l 1 |p EDU4380 |r 2014-02-04 |s 2014-01-03 |w 2010-10-20 |y BK | ||